000
00320nam a22001457a 4500
008
181122b xxu||||| |||| 00| 0 eng d
020
_a
0397509855
041
_a
eng
080
_a
61
082
_a
61
100
_a
3-4
101
_a
MJE
245
_a
Diabetes and Vascular disease
_c
Kerestein.M.D
942
_2
udc
_c
BK
999
_c
52377
_d
52377